000 00587nam a2200205Ia 4500
001 8554
003 GE_BSU
008 181216s||||||||xx |||||||||||||| ||und||
040 _cGE_BSU
080 _a821.353.1-32
100 _aვასაძე,აკაკი
245 _aმოთხრობები
245 _cრედ. ნ.ხომერიკი, მხატვ. ო.თავაძე
260 _aთბილისი
260 _bმერანი
260 _c1974
300 _a122გვ.20სმ.
653 _aმოთხრობები
942 _cBK
999 _c41871
_d41871